00422 a2200121 4500001001000000005001700010008004100027245009400068100002100162700002100183700003200204773006400236ART_6125420260410162055.0260409a 10aAnálisis de la NUA [t.o. RT (FACPCE) 59/2024] en la actividad ganadera de cría bovina1 aTonelli, Omar E.1 aSimaro, Jorge D.1 aMartinefski, María Inés0 tConsultor agropecuariog- Nº 68 (ago./sep. 2024)wREV56842